[Event "Challenge"]
[Site "http://www.queenalice.com/game.php?id=191165"]
[Date "2007.4.3"]
[Round "-"]
[White "mahloni"]
[Black "Manzoleu"]
[Result "1-0"]
[WhiteElo "1758"]
[BlackElo "1861"]

1. e4 e5 2. Nf3 Nc6 3. Bb5 Nf6 4. O-O Bd6 5. d4 Nxd4 6. Nxd4 exd4 7. Qxd4 Qe7 8.
Bg5 Be5 9. Qe3 Bxb2 10. Nc3 Bxa1 11. Rxa1 O-O 12. e5 c6 13. Bd3 Qb4 14. exf6
Qxc3 15. Bxh7+ Kxh7 16. Qxc3 g6 17. Qh3+ 1-0

[Event "Challenge"]
[Site "http://www.queenalice.com/game.php?id=191311"]
[Date "2007.4.3"]
[Round "-"]
[White "CaptainJester"]
[Black "mahloni"]
[Result "1-0"]
[WhiteElo "1652"]
[BlackElo "1771"]

1. e4 c5 2. d4 cxd4 3. Qxd4 Nc6 4. Qa4 g6 5. Nf3 Bg7 6. Bd3 Nf6 7. Bd2 O-O 8.
O-O d5 9. Nc3 dxe4 10. Nxe4 Bg4 11. Nxf6+ 1-0

[Event "Challenge"]
[Site "http://www.queenalice.com/game.php?id=192565"]
[Date "2007.4.6"]
[Round "-"]
[White "mahloni"]
[Black "CaptainJester"]
[Result "1-0"]
[WhiteElo "1750"]
[BlackElo "1686"]

1. e4 e5 2. Nf3 d6 3. d4 exd4 4. Qxd4 Nc6 5. Bb5 Bd7 6. Bxc6 Bxc6 7. Nc3 Nf6 8.
Bg5 Be7 9. O-O-O O-O 10. Rhe1 Ng4 11. Bxe7 Qxe7 12. e5 Bxf3 13. gxf3 Nxe5 14. f4
1-0

[Event "CaptainJester"]
[Site "http://www.queenalice.com/game.php?id=194355"]
[Date "2007.4.9"]
[Round "3"]
[White "mahloni"]
[Black "defconn4"]
[Result "0-1"]
[WhiteElo "1763"]
[BlackElo "2047"]

1. e4 c5 2. Nf3 d6 3. d4 cxd4 4. Nxd4 Nc6 5. Bc4 Nf6 6. Nc3 e5 7. Nde2 Be7 8.
O-O O-O 9. f3 Ne8 10. Nd5 Nc7 11. Nec3 Nxd5 12. Nxd5 Kh8 13. Be3 f5 0-1

[Event "Challenge"]
[Site "http://www.queenalice.com/game.php?id=199578"]
[Date "2007.4.20"]
[Round "-"]
[White "CaptainJester"]
[Black "mahloni"]
[Result "1-0"]
[WhiteElo "1664"]
[BlackElo "1778"]

1. e4 c5 2. Nf3 Nc6 3. Bc4 e6 4. O-O Nge7 5. b3 a6 6. Bb2 b5 7. Be2 Ng6 8. d3 f6
9. c4 bxc4 10. dxc4 Bb7 11. Bd3 Nb4 12. Ba3 Nxd3 13. Qxd3 Nf4 14. Qe3 Qc7 15. e5
Ng6 16. exf6 gxf6 17. Nbd2 Bg7 18. Bxc5 h5 19. Ba3 Kf7 20. Ne4 Bh6 21. Nd6+ Kg7
22. Qc3 Rhg8 23. Nxb7 Qxb7 24. Rad1 Kh7 25. Bd6 e5 26. Qc2 Kh8 27. Qf5 Nf4 28.
Qxf6+ Kh7 29. Qf5+ Rg6 30. Bxe5 Nxg2 31. Rd6 Nh4+ 32. Ng5+ Bxg5 33. Qf7+ Kh6 34.
Rxg6+ Nxg6 35. Qg7# 1-0

[Event "Challenge"]
[Site "http://www.queenalice.com/game.php?id=211014"]
[Date "2007.5.15"]
[Round "-"]
[White "mahloni"]
[Black "CaptainJester"]
[Result "0-1"]
[WhiteElo "1757"]
[BlackElo "1685"]

1. e4 e5 2. Nf3 d6 3. d4 Nf6 4. Nc3 Be7 5. Bg5 O-O 6. dxe5 dxe5 7. Qxd8 Bxd8 8.
Nxe5 Re8 9. O-O-O h6 10. Nf3 hxg5 0-1

[Event "The Sleeping Dead"]
[Site "http://www.queenalice.com/game.php?id=214244"]
[Date "2007.5.21"]
[Round "-"]
[White "mahloni"]
[Black "CaptainJester"]
[Result "1-0"]
[WhiteElo "1738"]
[BlackElo "1744"]

1. e4 e5 2. Nf3 d6 3. d4 Be7 4. dxe5 dxe5 5. Qxd8+ Bxd8 6. Nxe5 Bf6 7. Nd3 Ne7
8. e5 Bxe5 9. Nxe5 O-O 10. Bd3 f6 11. Bc4+ Kh8 12. Nf7+ Kg8 13. Nd6+ Kh8 14.
Nxc8 1-0

[Event "The Waking Alive"]
[Site "http://www.queenalice.com/game.php?id=219459"]
[Date "2007.6.1"]
[Round "-"]
[White "CaptainJester"]
[Black "mahloni"]
[Result "0-1"]
[WhiteElo "1740"]
[BlackElo "1754"]

1. d4 Nf6 2. Nc3 e6 3. Bg5 h6 4. Bh4 d5 5. Nf3 Nbd7 6. Ne5 Be7 7. e3 c5 8. Bb5
O-O 9. O-O Nxe5 10. dxe5 Nd7 11. Bxe7 Qxe7 12. a3 Nb6 13. b4 cxb4 14. axb4 Qxb4
15. Qd4 Qxd4 16. exd4 Bd7 17. f4 a6 18. Bd3 Rac8 19. Ne2 Nc4 20. Bxc4 Rxc4 21.
c3 Bb5 22. Rfc1 Rfc8 23. Ra3 Ra4 24. Rb3 Bxe2 25. Rxb7 Bb5 0-1

[Event "Challenge"]
[Site "http://www.queenalice.com/game.php?id=242899"]
[Date "2007.7.20"]
[Round "-"]
[White "CaptainJester"]
[Black "mahloni"]
[Result "0-1"]
[WhiteElo "1714"]
[BlackElo "1771"]

1. e4 c5 2. d4 cxd4 3. Qxd4 Nc6 4. Qa4 g6 5. Nf3 Bg7 6. Bd3 Nf6 7. O-O O-O 8. c4
d6 9. Nc3 Bg4 10. Be2 a6 11. Qc2 Rc8 12. Nd5 Bxf3 13. Bxf3 Nd4 14. Qd3 Nxf3+ 15.
Qxf3 Rxc4 16. e5 Nxd5 17. Qxd5 Qc8 18. exd6 Rd4 19. Qf3 Rxd6 20. Bf4 Rb6 21.
Rac1 Qe6 22. b3 Rc8 23. Qe3 Rxc1 24. Rxc1 f6 25. Re1 Qxe3 26. Bxe3 Rc6 27. a4
Kf7 28. f4 Rc3 0-1

[Event "Cross-Atlantic Challenge"]
[Site "http://www.queenalice.com/game.php?id=268487"]
[Date "2007.9.8"]
[Round "-"]
[White "defconn4"]
[Black "mahloni"]
[Result "1-0"]
[WhiteElo "2094"]
[BlackElo "1809"]

1. e4 c5 2. Nf3 Nc6 3. c3 d5 4. Bd3 d4 5. cxd4 cxd4 6. Bb5 Bd7 7. O-O Qc7 8.
Bxc6 Bxc6 9. Nxd4 Bxe4 10. Nc3 Bc6 11. d3 Nf6 12. Re1 e6 13. Bg5 Be7 14. Rc1 Rd8
15. Nxc6 bxc6 16. Ne4 h6 17. Bh4 Qf4 18. Qa4 Nxe4 19. Qxc6+ Rd7 20. Rxe4 Qd2 21.
Bxe7 Kxe7 22. Qc5+ Ke8 23. Rb4 Rxd3 24. Rb8+ Rd8 25. Rxd8+ Qxd8 26. Qc6+ Ke7 27.
Qb7+ Kf6 28. Qxa7 Qd2 29. Rb1 Rd8 30. Qe3 Qxe3 31. fxe3 Ke5 32. Kf2 Rd2+ 33. Kf3
f5 34. a4 g5 35. h3 Kd5 36. b4 Kc6 37. Rc1+ Kb6 38. Rc5 Rd6 39. g4 1-0

[Event "Challenge"]
[Site "http://www.queenalice.com/game.php?id=269793"]
[Date "2007.9.11"]
[Round "-"]
[White "mahloni"]
[Black "CaptainJester"]
[Result "1-0"]
[WhiteElo "1785"]
[BlackElo "1699"]

1. e4 d5 2. exd5 Qxd5 3. Nc3 Qe5+ 4. Be2 Nf6 5. d4 Qd6 6. Nf3 e6 7. Be3 Be7 8.
O-O O-O 9. Bd3 Bd7 10. Qe2 Bc6 11. Rad1 Bxf3 12. Qxf3 Nc6 13. Rfe1 Nxd4 14. Bxd4
Qxd4 15. Bxh7+ 1-0

[Event "Challenge"]
[Site "http://www.queenalice.com/game.php?id=277583"]
[Date "2007.9.27"]
[Round "-"]
[White "CaptainJester"]
[Black "mahloni"]
[Result "0-1"]
[WhiteElo "1663"]
[BlackElo "1798"]

1. e4 c5 2. d4 cxd4 3. Qxd4 Nc6 4. Qa4 d6 5. Nf3 g6 6. c3 Bg7 7. Bb5 Bd7 8. O-O
Nf6 9. Bf4 a6 10. Bxc6 Bxc6 11. Qd4 e5 12. Nxe5 dxe5 13. Qxe5+ Qe7 14. Qxe7+
Kxe7 15. e5 Nh5 16. Bg5+ Ke6 17. f4 f6 18. exf6 Nxf6 19. Nd2 Kf7 20. Nc4 Rhf8
21. Ne5+ Kg8 22. Nc4 Bb5 23. b3 Bxc4 24. bxc4 Ne4 25. Rab1 Nxc3 0-1

[Event "Dirty Rat"]
[Site "http://www.queenalice.com/game.php?id=289387"]
[Date "2007.10.19"]
[Round "-"]
[White "mahloni"]
[Black "defconn4"]
[Result "0-1"]
[WhiteElo "1804"]
[BlackElo "2063"]

1. e4 e5 2. Nf3 d6 3. d4 exd4 4. Qxd4 Nc6 5. Bb5 Bd7 6. Bxc6 Bxc6 7. Nc3 Nf6 8.
Bg5 Be7 9. O-O-O O-O 10. Rhe1 Re8 11. Kb1 b5 12. e5 Bxf3 13. exf6 gxf6 14. Rxe7
Rxe7 15. Qxf6 Bxd1 16. Bh6 Bxc2+ 0-1

[Event "Try and take me alive coppers"]
[Site "http://www.queenalice.com/game.php?id=289388"]
[Date "2007.10.19"]
[Round "-"]
[White "defconn4"]
[Black "mahloni"]
[Result "1-0"]
[WhiteElo "2114"]
[BlackElo "1837"]

1. Nf3 c5 2. g3 Nc6 3. Bg2 g6 4. c3 Bg7 5. O-O d5 6. d4 cxd4 7. Nxd4 Nf6 8. Nd2
O-O 9. N2f3 Re8 10. Nxc6 bxc6 11. Bf4 Qb6 12. b3 Nd7 13. Be3 Qc7 14. Qc2 e5 15.
Rad1 Nb6 16. Bc5 Bf5 17. Qc1 Nd7 18. Be3 Rac8 19. b4 Nb6 20. Bxb6 axb6 21. e3
Ra8 22. Rd2 Ra6 23. Re1 Rea8 24. b5 Rxa2 25. c4 Ra1 26. Qxa1 Rxa1 27. Rxa1 e4
28. Ra8+ Bc8 29. Bh3 f5 30. Nd4 Bxd4 31. Rxd4 Qb7 32. Ra2 dxc4 33. Rxc4 Be6 34.
bxc6 Qc8 35. Rac2 Bxc4 36. Rxc4 Qc7 37. g4 b5 38. Rc2 b4 39. gxf5 gxf5 40. Bxf5
b3 41. Be6+ Kf8 42. Bxb3 Qg7+ 43. Kf1 Qg4 44. Ke1 Qg1+ 45. Ke2 Qg4+ 46. Kd2 Qg1
47. c7 Qxf2+ 48. Kc1 Qxe3+ 49. Kb2 Qd4+ 50. Kb1 1-0

[Event "Challenge"]
[Site "http://www.queenalice.com/game.php?id=293453"]
[Date "2007.10.26"]
[Round "-"]
[White "Mike36bh"]
[Black "mahloni"]
[Result "0-1"]
[WhiteElo "1725"]
[BlackElo "1811"]

1. d4 Nf6 2. Nc3 e6 3. a3 d5 4. Bf4 c5 5. e3 a6 6. Nf3 Nc6 7. Be2 cxd4 8. exd4
Bd6 9. Bxd6 Qxd6 10. h3 O-O 11. O-O b5 12. b4 Bd7 13. Bd3 Rac8 14. Ne2 Rc7 15.
c3 Rfc8 16. Qc2 e5 17. Ng5 e4 18. Bxe4 Nxe4 19. Nxe4 Qg6 20. Nf4 Qxe4 21. Qd2
Qf5 22. Rac1 Qg5 23. Qe3 Ne7 24. Qf3 Ng6 25. Nxg6 Qxg6 26. Rce1 Rxc3 27. Re3
Rxe3 28. fxe3 Qe6 29. Re1 Rc3 30. Qf4 h6 31. e4 dxe4 32. Rxe4 Qg6 33. Kh1 Bc6
34. Re2 Rxh3+ 35. Kg1 Rh1+ 0-1

[Event "Challenge"]
[Site "http://www.queenalice.com/game.php?id=301298"]
[Date "2007.11.9"]
[Round "-"]
[White "mahloni"]
[Black "CaptainJester"]
[Result "1-0"]
[WhiteElo "1798"]
[BlackElo "1719"]

1. e4 c5 2. Nf3 Nc6 3. d4 cxd4 4. Nxd4 g6 5. c4 Bg7 6. Be3 Nf6 7. Nc3 Qa5 8. Nb3
Qe5 9. f4 Qh5 10. Qd2 O-O 11. Be2 Qh4+ 12. Bf2 Qh6 13. O-O e5 14. Be3 Ne8 15. f5
Qh4 16. Bg5 1-0

[Event "Challenge"]
[Site "http://www.queenalice.com/game.php?id=318797"]
[Date "2007.12.12"]
[Round "-"]
[White "CaptainJester"]
[Black "mahloni"]
[Result "0-1"]
[WhiteElo "1756"]
[BlackElo "1824"]

1. e4 c6 2. d4 d5 3. Nc3 dxe4 4. Nxe4 Bf5 5. Ng3 Bg6 6. h4 h6 7. f4 Nd7 8. Bd2
Qc7 9. Qf3 Ngf6 10. O-O-O e6 11. f5 exf5 12. Nxf5 O-O-O 13. Bf4 Qa5 14. a3 Qxf5
15. Bd3 Qg4 0-1

[Event "Invitation"]
[Site "http://www.queenalice.com/game.php?id=378675"]
[Date "2008.3.29"]
[Round "-"]
[White "petrovic"]
[Black "mahloni"]
[Result "0-1"]
[WhiteElo "1100"]
[BlackElo "1832"]

1. e4 c5 2. c4 Nc6 3. Nf3 g6 4. a3 Bg7 5. Ra2 Nf6 6. Nc3 O-O 7. Be2 e6 8. O-O d5
9. exd5 exd5 10. b3 d4 11. Na4 b6 12. Bd3 Bb7 13. h3 Re8 14. Re1 Nh5 15. Ng5
Qxg5 16. Rxe8+ Rxe8 17. Be2 Nf4 18. Bg4 Ne5 19. d3 Nexd3 20. Bxf4 Qxf4 21. Re2
Rxe2 22. Qxe2 Be5 23. g3 Qc1+ 24. Qf1 Qxf1+ 25. Kxf1 Bc6 26. Bd1 Bxa4 27. bxa4
Nb2 28. Bc2 d3 29. Bb3 Bc3 30. f4 d2 31. Ke2 d1=Q+ 32. Bxd1 Nxd1 33. Kxd1 h5 34.
Ke2 Kg7 35. Ke3 Be1 36. g4 Kf6 37. Ke4 hxg4 38. hxg4 Ke6 39. f5+ gxf5+ 40. gxf5+
Kd6 41. Kf4 Bg3+ 42. Ke4 a5 0-1

[Event "Beat The Sick Guy"]
[Site "http://www.queenalice.com/game.php?id=389977"]
[Date "2008.4.18"]
[Round "-"]
[White "defconn4"]
[Black "mahloni"]
[Result "1-0"]
[WhiteElo "2168"]
[BlackElo "1834"]

1. Nf3 c5 2. c4 g6 3. e3 Bg7 4. d4 cxd4 5. Nxd4 Nf6 6. Nc3 O-O 7. Bd3 d5 8. O-O
e5 9. Nb3 Be6 10. Nc5 Bg4 11. f3 Bc8 12. Nxd5 Nxd5 13. cxd5 Qxd5 14. Qc2 Nd7 15.
Na4 Nf6 16. Nc3 Qa5 17. a3 Be6 18. b4 Qc7 19. Bb2 a6 20. Rac1 Rac8 21. Qe2 Qe7
22. Na4 Nd7 23. Nc3 Rfd8 24. Rfd1 b5 25. Qf2 Nb6 26. Be2 e4 27. f4 Rxd1+ 28.
Nxd1 Rxc1 29. Bxc1 Bc4 30. Nb2 Qd6 31. Nxc4 bxc4 32. Qf1 Qc6 33. Qd1 Nd5 34. Qc2
Nb6 35. g4 Qe6 36. Kf2 c3 37. h3 h5 38. Qd1 Qa2 39. gxh5 gxh5 40. Qd8+ 1-0

[Event "up a tree"]
[Site "http://www.queenalice.com/game.php?id=390157"]
[Date "2008.4.19"]
[Round "-"]
[White "mahloni"]
[Black "petrovic"]
[Result "1/2-1/2"]
[WhiteElo "1834"]
[BlackElo "1232"]

1. e4 g6 2. d4 Bg7 3. Be3 d5 4. e5 e6 5. Nf3 a6 6. c4 Ne7 7. Nc3 Nf5 8. cxd5
exd5 9. Qb3 c6 10. Be2 O-O 11. Bg5 Ne7 12. O-O h6 13. Bf6 g5 14. Nd2 Nd7 15. f4
Nxf6 16. exf6 Bxf6 17. fxg5 Bxd4+ 18. Kh1 hxg5 19. Nf3 Nf5 20. Bd3 Be3 21. Bxf5
Bxf5 22. Nxd5 Qxd5 23. Qxe3 Be4 24. Qxg5+ Qxg5 25. Nxg5 Bg6 26. Rad1 Rad8 27.
Nf3 b5 28. Ne5 c5 29. Nd7 Rfe8 30. Nf6+ Kg7 31. Nxe8+ Rxe8 32. Rfe1 Ra8 33. Kg1
Ra7 34. b3 c4 35. bxc4 bxc4 36. Rc1 Bd3 37. Rc3 Rb7 38. Rec1 Rb4 39. Ra3 Rb6 40.
Rcc3 Rc6 41. Kf2 Kf6 42. Ke3 Kg5 43. Rxd3 cxd3 44. Rxd3 f5 45. g3 Rc4 46. h4+
Kh5 47. Ra3 Rc6 48. Ra5 Kg4 49. Ra4+ Kxg3 50. h5 Rh6 51. Ra5 f4+ 52. Ke2 f3+ 53.
Kf1 Rb6 54. Rg5+ Kf4 55. Rg6 Rb1+ 56. Kf2 Rb2+ 57. Kf1 Rxa2 58. h6 a5 59. h7 Rh2
60. Rg7 a4 61. Kg1 Rh5 62. Ra7 a3 63. Rf7+ Ke3 64. Re7+ Kf4 65. Rf7+ Kg3 66.
Rg7+ Kf4 67. Rf7+ 1/2-1/2

[Event "Challenge"]
[Site "http://www.queenalice.com/game.php?id=420217"]
[Date "2008.6.19"]
[Round "-"]
[White "mahloni"]
[Black "CaptainJester"]
[Result "1/2-1/2"]
[WhiteElo "1831"]
[BlackElo "1741"]

1. e4 c5 2. Nc3 g6 3. f4 Bg7 4. Nf3 e6 5. Bc4 Nf6 6. O-O O-O 7. e5 Nh5 8. d4
cxd4 9. Nxd4 Qh4 10. Ncb5 Na6 11. g4 Ng3 12. hxg3 Qxg3+ 1/2-1/2